Trh znalostí

Riadenie znalostí ako najrýchlešie sa rozvíjajúci odbor súčasnosti. Mnohí manažéri pri zavádzaní znalostí narážajú na skrytý odpor pracovníkov, ktorý realizáciu ich plánov znemožňuje. Jednoduchým nástrojom, ktorý manažérom umožňuje riadiť znalosti bez toho, aby na túto skutočnosť upozorňovali podria...

Descrizione completa

Salvato in:
Dettagli Bibliografici
Autore principale: Mládková, Ludmila
Natura: Capitolo di libro
Lingua:slovacco
Soggetti:
Tags: Aggiungi Tag
Nessun Tag, puoi essere il primo ad aggiungerne!!

MARC

LEADER 00000naa$a2200000$$$4500
001 0021462
005 20221019104937.5
041 0 |a slo 
044 |a SK 
245 1 0 |a Trh znalostí  |c Ludmila Mládková 
520 |a Riadenie znalostí ako najrýchlešie sa rozvíjajúci odbor súčasnosti. Mnohí manažéri pri zavádzaní znalostí narážajú na skrytý odpor pracovníkov, ktorý realizáciu ich plánov znemožňuje. Jednoduchým nástrojom, ktorý manažérom umožňuje riadiť znalosti bez toho, aby na túto skutočnosť upozorňovali podriadených, je tzv. trh znalostí. Fungovanie trhu znalostí. Budovanie efektívneho trhu znalostí. 
610 2 0 |a vedomosti 
610 2 0 |a trh 
610 2 0 |a riadenie znalostí 
610 2 0 |a manažment 
610 2 0 |a firmy 
100 1 |a Mládková, Ludmila